<?xml version="1.0" encoding="UTF-8"?><?xml-stylesheet type="text/xsl" href="static/style.xsl"?><OAI-PMH xmlns="http://www.openarchives.org/OAI/2.0/" xmlns:xsi="http://www.w3.org/2001/XMLSchema-instance" xsi:schemaLocation="http://www.openarchives.org/OAI/2.0/ http://www.openarchives.org/OAI/2.0/OAI-PMH.xsd"><responseDate>2026-04-13T01:38:06Z</responseDate><request verb="GetRecord" identifier="oai:www.recercat.cat:10459.1/466170" metadataPrefix="marc">https://recercat.cat/oai/request</request><GetRecord><record><header><identifier>oai:recercat.cat:10459.1/466170</identifier><datestamp>2025-09-15T18:39:30Z</datestamp><setSpec>com_2072_3622</setSpec><setSpec>col_2072_479130</setSpec></header><metadata><record xmlns="http://www.loc.gov/MARC21/slim" xmlns:dcterms="http://purl.org/dc/terms/" xmlns:xsi="http://www.w3.org/2001/XMLSchema-instance" xmlns:doc="http://www.lyncode.com/xoai" xsi:schemaLocation="http://www.loc.gov/MARC21/slim http://www.loc.gov/standards/marcxml/schema/MARC21slim.xsd">
   <leader>00925njm 22002777a 4500</leader>
   <datafield ind2=" " ind1=" " tag="042">
      <subfield code="a">dc</subfield>
   </datafield>
   <datafield ind2=" " ind1=" " tag="720">
      <subfield code="a">Guerrero i Lladós, Montse</subfield>
      <subfield code="e">author</subfield>
   </datafield>
   <datafield ind2=" " ind1=" " tag="720">
      <subfield code="a">Alonso Logroño, María Pilar</subfield>
      <subfield code="e">author</subfield>
   </datafield>
   <datafield ind2=" " ind1=" " tag="260">
      <subfield code="c">2022</subfield>
   </datafield>
   <datafield ind2=" " ind1=" " tag="520">
      <subfield code="a">El proyecto que aquí se presenta plantea acercar los problemas sociales al aula universitaria y ver como los conocimientos aprendidos en las materias sirven para poder dar solución a dichos problemas, con al ánimo de fomentar la motivación en los estudiantes. Para llevar a cabo este proceso se opta por la elección de materias en las que se pueda plantear de manera clara una relación en sus contenidos formativos con determinadas necesidades que preocupen a la sociedad. En concreto, para el desarrollo de este proyecto de innovación docente se elige la materia “Cartografía” dentro del plan de estudios del grado de Geografía de la Universitat de Lleida (UdL), aunque en realidad se busca plantear un proyecto que pueda ser también replicado en otras materias y otros grados universitarios, siguiendo las metodologías utilizadas en la actividad aquí planteada y que logre el incremento de la motivación en los estudios. La acción diseñada se centra en que los estudiantes del grado de Geografía de la UdL se involucren en el conocimiento de herramientas que generen y usen datos geolocalizados que tengan una utilidad social.</subfield>
   </datafield>
   <datafield tag="653" ind2=" " ind1=" ">
      <subfield code="a">Ensenyament -- Innovacions</subfield>
   </datafield>
   <datafield tag="653" ind2=" " ind1=" ">
      <subfield code="a">Ensenyament universitari</subfield>
   </datafield>
   <datafield ind2="0" ind1="0" tag="245">
      <subfield code="a">Los mapatones como una herramienta de participación y aprendizaje colaborativo</subfield>
   </datafield>
</record></metadata></record></GetRecord></OAI-PMH>